Normal view
MARC view
Entry Topical Term
001 - CONTROL NUMBER
- control field: 16721
003 - CONTROL NUMBER IDENTIFIER
- control field: OSt
005 - DATE AND TIME OF LATEST TRANSACTION
- control field: 20151025132816.0
008 - FIXED-LENGTH DATA ELEMENTS
- fixed length control field: 151025|| aca||aabn | a|a d
040 ## - CATALOGING SOURCE
- Original cataloging agency: OSt
- Transcribing agency: OSt
150 ## - HEADING--TOPICAL TERM
- Topical term or geographic name entry element: Biography
670 ## - SOURCE DATA FOUND
- Source citation: Work cat.: (OSt)15212: Bhattacharjee, Dhirendra Nath 16720, Various Aspects Of Rabindranath, 2003









